ՀՀ Գիտությունների ազգային ակադեմիայի հիմնարար գիտական գրադարան  =   Fundamental Scientific Library of NAS RA

Փիլիսօփայ սօցիոլօգ : (Record no. 534859)

MARC details
000 -LEADER
fixed length control field 02027nam a2200373 a 4500
001 - CONTROL NUMBER
control field 2018755
003 - CONTROL NUMBER IDENTIFIER
control field AM-YEHGA
005 - DATE AND TIME OF LATEST TRANSACTION
control field 20250710133152.0
008 - FIXED-LENGTH DATA ELEMENTS--GENERAL INFORMATION
fixed length control field 250516s1907 gs ||||r|||||00||0|arm|d
040 ## - CATALOGING SOURCE
Original cataloging agency AM-YEHGA
041 0# - LANGUAGE CODE
Language code of text/sound track or separate title arm
100 1# - MAIN ENTRY--PERSONAL NAME
Personal name Հովհաննիսյան, Միքայել
245 10 - TITLE STATEMENT
Title Փիլիսօփայ սօցիոլօգ :
Remainder of title Հերբերտ Սպենսեր ժամանակակից աշխարհայեցողութեան առջեւ : (Քննադատական էտիւդ) /
Statement of responsibility, etc. Միքայէլ Յովհաննիսեան.
260 ## - PUBLICATION, DISTRIBUTION, ETC.
Place of publication, distribution, etc. Թիֆլիս :
Name of publisher, distributor, etc. տպ. Հերմէս,
Date of publication, distribution, etc. 1907.
300 ## - PHYSICAL DESCRIPTION
Extent (5 գիրք մեկ կազմի մեջ) ; 64 էջ
440 #0 - SERIES STATEMENT/ADDED ENTRY--TITLE
Title «Յառաջ»-ի գրադարան ;
Number of part/section of a work № 48
500 ## - GENERAL NOTE
General note Շարվածքը` 16X10 սմ:
501 ## - WITH NOTE
With note Մեկ կազմի մեջ՝ Գիւղացիական հարցը Ֆրանսիայում / Ս. Ան-սկիյ ։ Թիֆլիս : Տպարան «Հերմէս» ։ 1906 ; Գիւղացին եւ բանւորը / Աբրամօվա ։ Թիֆլիս : Тип. "Братство" ։ 1907 ; Խորամանկ կարգեր / Ռուսերենից թարգմանեց՝ տիկին Հրանոյշը ։ Թիֆլիս : տպ. Հերմէս ընկ․ ։ 1907 ; Նւազագոյն ծրագիրը / Լ. Շիշկօ : Թիֆլիս : տպ. Տ.Մ. Ռօտինեանցի : 1907.
650 14 - SUBJECT ADDED ENTRY--TOPICAL TERM
Topical term or geographic name entry element Փիլիսոփայություն
651 04 - SUBJECT ADDED ENTRY--GEOGRAPHIC NAME
Geographic name Թբիլիսի
9 (RLIN) 6558
651 04 - SUBJECT ADDED ENTRY--GEOGRAPHIC NAME
Geographic name Վրաստան
9 (RLIN) 6630
700 1# - ADDED ENTRY--PERSONAL NAME
Personal name Ան-սկիյ, Ս.
700 1# - ADDED ENTRY--PERSONAL NAME
Personal name Հակոբյան, Հակոբ Մնացականի,
Dates associated with a name 1866-1937
Relator term թարգմ.
Relationship trl
9 (RLIN) 1222
700 1# - ADDED ENTRY--PERSONAL NAME
Personal name Աբրամօվա
700 1# - ADDED ENTRY--PERSONAL NAME
Personal name Ղարագ., Գր.
Relator term թարգմ.
Relationship trl
700 1# - ADDED ENTRY--PERSONAL NAME
Personal name Հրանուշ
Relator term թարգմ.
Relationship trl
700 1# - ADDED ENTRY--PERSONAL NAME
Personal name Շիշկօ, Լ.
700 1# - ADDED ENTRY--PERSONAL NAME
Personal name Յար., Մ
Relator term թարգմ.
Relationship trl
740 02 - ADDED ENTRY--UNCONTROLLED RELATED/ANALYTICAL TITLE
Uncontrolled related/analytical title Գիւղացիական հարցը Ֆրանսիայում
740 02 - ADDED ENTRY--UNCONTROLLED RELATED/ANALYTICAL TITLE
Uncontrolled related/analytical title Գիւղացին եւ բանւորը
740 02 - ADDED ENTRY--UNCONTROLLED RELATED/ANALYTICAL TITLE
Uncontrolled related/analytical title Խորամանկ կարգեր
740 02 - ADDED ENTRY--UNCONTROLLED RELATED/ANALYTICAL TITLE
Uncontrolled related/analytical title Նւազագոյն ծրագիրը
942 ## - ADDED ENTRY ELEMENTS (KOHA)
Source of classification or shelving scheme Universal Decimal Classification
Koha item type Գրքեր / Books
Holdings
Withdrawn status Lost status Source of classification or shelving scheme Damaged status Not for loan Collection Home library Current library Date acquired Serial enumeration / chronology Inventory number Total checkouts Full call number Barcode Date last seen Price effective from Koha item type Public note
    Universal Decimal Classification     Zhamkochyan Individual collection Fundamental Scientific Library Fundamental Scientific Library 16/05/2025 Ալիգ 4 Ժամ/2184   Ժամ/377 FL0690092 16/05/2025 16/05/2025 Գրքեր / Books ILL Non-Circ.


ՀՀ ԳԱԱ հիմնարար գիտական գրադարան
ՀՀ,Երևան 0019
Մարշալ Բաղրամյան 24/6
հեռախոս:(374-10) 52-47-50
Հետադարձ կապ

All site content, except where otherwise noted, is licensed under a
Creative Commons License